Médias possédés par le Groupe Bolloré - Statistiques

Statistiques générales
  • Ce quiz a été pris 81 fois
  • Le résultat moyen est 5 sur 16
Statistiques - réponses
Groupe Type de média Genre Média % Correct
Canal + Télévision Chaine en continu CNews
85%
Canal + Télévision Généraliste Canal +
71%
Lagardère Médias News Radio Généraliste Europe 1
62%
Lagardère Médias News Presse Magazine Généraliste Le Journal du Dimanche
57%
Canal + Télévision Divertissement CStar
46%
Prisma Media Presse Magazine Presse people Voici
34%
Lagardère Médias News Radio Musique Europe 2
26%
Prisma Media Presse Magazine Géographie Géo
22%
Prisma Media Presse Magazine Presse féminine Femme actuelle
16%
Prisma Media Presse Magazine Economie Capital
13%
Lagardère Médias News Radio Musique RFM
13%
Lagardère Médias News Presse Magazine Généraliste JDNews
10%
Prisma Media Presse Magazine Géographie National Geographic (licence française uniquement)
10%
Prisma Media Presse Magazine Télévision Télé-loisirs
6%
- Presse Magazine Presse religieuse France Catholique
1%
Prisma Media Presse Magazine Economie Harvard Business Review (édition française uniquement)
1%
Aucun quiz correspondant
Distribution des résultats
% des personnes avec chaque résultat
Percentile par nombre de réponses
Votre historique - résultats
Vous n’avez pas pris ce quiz